000 00928nam a2200265Ia 4500
003 OSt
005 20221005111052.0
006 a|||||r|||| 00| 0
007 ta
008 221004b |||||||| |||| 00| 0 hin d
020 _a9788171192601 (hbk)
_c500
024 _a15848
037 _bBR6147, 23/12/2014, Rajkamal Prakashan Pvt. Ltd.
_cTextual
040 _aCRL
_cCRL
_bhin
041 _2hin
_ahin
082 _aO152,3N46x, M2;Q0
100 _aबिष्ट, पंकज
245 0 _aलेकिन दरवाज़ा
246 _aLekin daravāज़ā
260 _aनई दिल्ली
_bराधाकृष्ण भारत
_c2010
300 _a387पृ0
_ccm.
650 _aहिन्दी साहित्य
942 _hO152,3N46x, M2;Q0
_cTEXL
_2cc
999 _c1020704
_d1020704